Les cinq fast-foods comptant le plus de restaurants en France - Statistiques

Statistiques générales
  • Ce quiz a été pris 3 355 fois
  • Le résultat moyen est 4 sur 5
Statistiques - réponses
Restaurants Réponse % Correct
358 Burger King
97%
1464 Macdonald's
91%
262 KFC
89%
280 O'tacos
49%
315 Subway
48%
Aucun quiz correspondant
Distribution des résultats
% des personnes avec chaque résultat
Percentile par nombre de réponses
Votre historique - résultats
Vous n’avez pas pris ce quiz